ბათუმის შოთა რუსთაველის სახელმწიფო უნივერსიტეტის ბიბლიოთეკა

სოციალიზმი ქართულ ფერებში = Socialism in georgian colors : (ბიბ.ჩანაწერი № 34410)

000 -ლიდერი
ფიქსირებული სიგრძის საკონტროლო ველი 01336nam a2200253Ia 4500
001 - საკონტროლო ნომერი
საკონტროლო ველი 115
003 - საკონტროლო ნომრის იდენტიფიკატორი
საკონტროლო ველი GE_BSU
005 - ბოლო ოპერაციის თარიღი და დრო
საკონტროლო ველი 20220818142610.0
008 - ფიქსირებული სიგრძის მონაცემთა ელემენტები - ზოგადი ინფორმაცია
ფიქსირებული სიგრძის საკონტროლო ველი 181216s2007||||ge |||||||||||||| ||geo||
020 ## - წიგნის საერთაშორისო სტანდარტული ნომერი
International Standard Book Number 9789994067404
040 ## - კატალოგიზაციის წყარო
Transcribing agency GE_BSU
041 ## - ენის კოდი
Language code of text/sound track or separate title geo
080 ## - უნივერსალური ათობითი კლასიფიკაციის ინდექსი
Universal Decimal Classification number UDC94(479.22),,19''+329.141(479.22) ჯ–69
100 ## - მთავარი ჩანაწერი - პიროვნების სახელი
Personal name ჯონსი, სტივენ ფ.
9 (RLIN) 14545
245 ## - ცნობა სათაურის შესახებ
Title სოციალიზმი ქართულ ფერებში = Socialism in georgian colors :
Remainder of title სოციალ-დემოკრატიის ევროპული გზა [1883-1917] /
Statement of responsibility, etc სტივენ ფ. ჯონსი ; [მთარგმნ. ხათუნა ჩხეიძე ; რედ. ნინო ჭიაბრიშვილი].
264 ## - წარმოების, გამოცემის, დისტრიბუციის და სხვა ცნობები
გამოცემის, წარმოების, დისტრიბუციის... ადგილი თბილისი :
გამოცემის, წარმოების, დისტრიბუციის... სახელწოდება ილია ჭავჭავაძის სახელმწ. უნ-ტის გამ-ბა,
გამოცემის, წარმოების, დისტრიბუციის... თარიღი 2007.
300 ## - ფიზიკური აღწერა
Extent 427 გვ.:
Other physical details ფოტ. ;
Dimensions 28 სმ.
500 ## - ზოგადი შენიშვნა
General note შენიშვნ.: გვ. 357-413.
501 ## - შენიშვნა თანმხლებ მასალაზე
With note ანბ. საძ.: გვ. 414-427.
653 ## - INDEX TERM--UNCONTROLLED
Uncontrolled term ისტორია
653 ## - INDEX TERM--UNCONTROLLED
Uncontrolled term საქართველოს ახალი ისტორია
653 ## - INDEX TERM--UNCONTROLLED
Uncontrolled term სოციალ-დემოკრატია საქართველოში.
942 ## - ADDED ENTRY ELEMENTS (KOHA)
Koha item type წიგნი
Source of classification or shelving scheme
ეგზემპლარები
ჩამოწერის სტატუსი დაკარგული ეგზემპლარის სტატუსი კლასიფიკაციის წყარო ან თაროზე გაწყობის სქემა დაზიანების სტატუსი არ გაიცემა მუდმივი მდებარეობა (დაცვის ადგილი) ამჟამინდელი ადგილსამყოფელი თაროზე განთავსების ადგილი შეძენის თარიღი ღირებულება, შესყიდვის ნორმალური ფასი სრული შენახვის შიფრი შტრიხკოდი ბოლო ოპერაციის თარიღი ეგზემპლარის მიმდევრობითი ნომერი (კეტერი?) ფასის ძალაში შესვლის თარიღი ეგზემპლარის სახეობა საჯარო შენიშვნა
          ბათუმის შოთა რუსთაველის სახელმწიფო უნივერსიტეტის მთავარი ბიბლიოთეკა ბათუმის შოთა რუსთაველის სახელმწიფო უნივერსიტეტის მთავარი ბიბლიოთეკა წიგნსაცავი 2018-12-17 20.00 UDC94(479.22),,19''+329.141(479.22) ჯ–69 2098 2018-12-17 2098 2018-12-17 წიგნი 20 ლ.
          ბათუმის შოთა რუსთაველის სახელმწიფო უნივერსიტეტის მთავარი ბიბლიოთეკა ბათუმის შოთა რუსთაველის სახელმწიფო უნივერსიტეტის მთავარი ბიბლიოთეკა წიგნსაცავი 2018-12-17 20.00 UDC94(479.22),,19''+329.141(479.22) ჯ–69 2099 2018-12-17 2099 2018-12-17 წიგნი 20 ლ.